Đánh giá cảm quan sản phẩm cà phê robusta chồn của trường Đại học Thủ Dầu Một

Spremljeno u:
Bibliografski detalji
Glavni autor: Nguyễn, Thị Thu Hiền
Daljnji autori: Nguyễn, Thị Hảo
Format: Knjiga
Jezik:Undetermined
Teme:
Online pristup:http://lrc.tdmu.edu.vn/opac/search/detail.asp?aID=2&ID=33697
Oznake: Dodaj oznaku
Bez oznaka, Budi prvi tko označuje ovaj zapis!
Thư viện lưu trữ: Trung tâm Học liệu Trường Đại học Thủ Dầu Một
LEADER 00874nam a2200157Ia 4500
001 TDMU_33697
008 210410s9999 xx 000 0 und d
082 |a 523.01 
100 |a Nguyễn, Thị Thu Hiền 
245 0 |a Đánh giá cảm quan sản phẩm cà phê robusta chồn của trường Đại học Thủ Dầu Một 
245 0 |c Nguyễn Thị Thu Hiền, Nguyễn Thị Hảo, Nguyễn Thị Thanh Thảo, Nguyễn Thanh bình 
300 |a Tr.62.70 
650 |a Cà phê Robusta chồn  |x Đánh giá; Thương mại  |x Người tiêu dùng  |x Đánh giá; Cà phê chồn; Đại học Thủ Dầu Một; Chồn nuôi; Cảm quan 
700 |a Nguyễn, Thị Hảo 
856 |u http://lrc.tdmu.edu.vn/opac/search/detail.asp?aID=2&ID=33697 
980 |a Trung tâm Học liệu Trường Đại học Thủ Dầu Một